| 000 | 00546nam a2200133Ia 4500 | ||
|---|---|---|---|
| 999 |
_c23224 _d23224 |
||
| 082 | _aRR 025.49 LIB-L | ||
| 245 | 0 | _aLibrary of congress subject headings | |
| 250 | _a20th ed. | ||
| 260 |
_aWashington _bthe author _c1997 |
||
| 500 | _acontents: 5 Vols + Supplementary Vocabularies. v.1(A-C),(xvi,2010p.)-v.2(D-H),(2011-3726p.)-v.3(I-M),(3727-5360p.)-v.4(N-R),(5361-6982p.)-v.5(S-Z),(6983-8938p.)-Supplementary Vocabularies(v.p.) | ||
| 650 | _aSubject Headings | ||
| 710 | _aLibrary of Congress, Cataloging Distribution Service | ||
| 942 |
_cBK _2ddc |
||